[Event "Israeli Open Championship 2019"]
[Site "Jerusalem"]
[Date "2019.12.19"]
[Round "7.18"]
[White "Gruzman, Ilya"]
[Black "Leor, Ephraim"]
[Result "1-0"]
[WhiteElo "1889"]
[BlackElo "1704"]
[Annotator "NA"]
[PlyCount "113"]
[EventDate "2019.12.12"]
[EventType "swiss"]
[EventCountry "ISR"]
[SourceTitle "playchess.com"]
[Source "ChessBase"]
[SourceQuality "1"]
[TimeControl "5400+30"]

1. e4 {[%emt 0:00:00]} g6 {[%emt 0:00:00]} 2. d4 {[%emt 0:00:00]} Bg7 {[%emt 0:00:00]} 3. Nc3 {[%emt 0:00:00]} d6 {[%emt 0:00:00]} 4. Bc4 {[%emt 0:00:00]} Nf6 {[%emt 0:00:51]} 5. Qe2 {[%emt 0:00:16]} Nc6 {[%emt 0:04:08]} 6. e5 {[%emt 0:00:11]} Nxd4 {[%emt 0:00:55]} 7. exf6 {[%emt 0:00:08]} Nxe2 {[%emt 0:00:47]} 8. fxg7 {[%emt 0:00:05]} Rg8 {[%emt 0:00:20]} 9. Ngxe2 {[%emt 0:00:04]} Rxg7 {[%emt 0:01:53]} 10. Bh6 {[%emt 0:00:04]} Rg8 {[%emt 0:00:23]} 11. O-O-O {[%emt 0:00:04]} c6 {[%emt 0:01:17]} 12. Bg5 {[%emt 0:09:30] B07: Pirc Defence: Miscellaneous Systems} (12. Rhe1 Be6 13. Bxe6 fxe6 14. Nf4 e5 15. Rxe5 dxe5 16. Rxd8+ Rxd8 17. Ne6 Rd6 18. Ng5 Rf6 19. Nce4 b6 {1-0 (74) Yandemirov,V (2483)-Feoktistov,A (2435) St Petersburg 2003}) 12... b5 $146 {[%emt 0:08:33]} (12... Qa5 $17 13. Bd2 Qc7) ({Predecessor:} 12... Qc7 13. Rhe1 b5 14. Bb3 b4 15. Ne4 d5 16. Nc5 f6 17. Be3 e6 {1-0 (29) Eichner,M (2007)-Walch,I (2111) Bayern 2014}) 13. Nd4 {[%emt 0:09:21]} bxc4 {[%emt 0:11:30]} 14. Nxc6 {[%emt 0:01:26]} Qc7 {[%emt 0:00:25]} (14... Qb6 $11 {remains equal.} 15. Nxe7 Kf8) 15. Nxe7 {[%emt 0:00:49]} Qxe7 {[%emt 0:06:36]} 16. Bxe7 {[%emt 0:00:09]} Kxe7 {[%emt 0:00:06]} 17. Nd5+ {[%emt 0:01:55]} Kd8 {[%emt 0:00:33]} 18. Nf6 {[%emt 0:01:09]} Rh8 {[%emt 0:00:19]} 19. Rxd6+ {[%emt 0:05:51]} Ke7 {[%emt 0:02:29]} 20. Rhd1 {[%emt 0:01:09]} Be6 {[%emt 0:00:28]} 21. Ne4 {[%emt 0:00:28]} Rac8 {[%emt 0:05:13]} 22. f3 {[%emt 0:04:05]} h6 {[%emt 0:03:44]} 23. Nc3 {[%emt 0:01:18]} Rb8 {[%emt 0:05:01]} 24. Ra6 {[%emt 0:01:34]} Rb7 {[%emt 0:02:33]} 25. Rd4 {[%emt 0:04:48]} Rhb8 {[%emt 0:02:17]} 26. Nd1 {[%emt 0:07:36]} Kf8 {[%emt 0:06:43]} 27. Kd2 {[%emt 0:00:40]} h5 {[%emt 0:03:06]} 28. h4 {[%emt 0:01:56]} Kg7 {[%emt 0:01:18]} 29. Kc3 {[%emt 0:04:07]} Kh6 {[%emt 0:02:44]} 30. Ne3 {[%emt 0:10:49]} Rxb2 {[%emt 0:04:17]} 31. Rxa7 {[%emt 0:01:04]} Rb1 {[%emt 0:01:46]} 32. a4 {[%emt 0:06:23]} Re1 {[%emt 0:03:16]} 33. Re4 {[%emt 0:02:03]} Ra1 {[%emt 0:01:35]} 34. g4 {[%emt 0:03:26]} Ra3+ {[%emt 0:02:59]} 35. Kd4 {[%emt 0:02:01]} Rd8+ {[%emt 0:01:13]} 36. Ke5 {[%emt 0:03:37]} ({White has to play} 36. Kc5 $18 Rd7 37. Nxc4 Rxa7 38. Nxa3) 36... hxg4 {[%emt 0:03:30]} 37. fxg4 {[%emt 0:01:17]} Kg7 {[%emt 0:05:45]} 38. Kf4 {[%emt 0:00:42]} Kg8 {[%emt 0:02:25]} 39. Kg5 {[%emt 0:01:52]} Rxe3 $18 {[%emt 0:03:04]} (39... Kf8 40. Nxc4 Bxc4) 40. Rxe3 {[%emt 0:00:05]} Kf8 {[%emt 0:02:19]} 41. Kf6 {[%emt 0:00:23]} Bd5 {[%emt 0:01:33]} 42. h5 {[%emt 0:01:19]} Rd6+ {[%emt 0:00:39]} 43. Kg5 {[%emt 0:00:22]} gxh5 {[%emt 0:00:40]} 44. gxh5 {[%emt 0:00:15]} Kg7 {[%emt 0:00:37]} 45. a5 {[%emt 0:06:17]} Be6 {[%emt 0:00:35]} 46. a6 {[%emt 0:04:17]} Rd5+ {[%emt 0:00:51]} 47. Kh4 {[%emt 0:00:20]} Kh6 {[%emt 0:00:40]} 48. Ra8 {[%emt 0:01:09]} Rxh5+ {[%emt 0:00:32]} 49. Kg3 {[%emt 0:00:04]} Rh3+ {[%emt 0:01:00]} 50. Kf4 {[%emt 0:00:09]} Rh4+ {[%emt 0:00:16]} 51. Ke5 {[%emt 0:00:52]} Rh5+ {[%emt 0:00:24]} 52. Kd6 {[%emt 0:01:04]} Kg6 {[%emt 0:00:59]} 53. a7 {[%emt 0:00:47]} Rd5+ {[%emt 0:00:37]} 54. Kc6 {[%emt 0:00:38]} Ra5 {[%emt 0:00:21]} 55. Kb6 {[%emt 0:00:17]} Ra2 {[%emt 0:00:44]} 56. Rg8+ {[%emt 0:00:17]} Kh7 {[%emt 0:00:25]} 57. a8=Q {[%emt 0:00:22]} 1-0

[Event "Israeli Open Championship 2019"]
[Site "Jerusalem"]
[Date "2019.12.20"]
[Round "8.1"]
[White "Rechlis, Gad"]
[Black "Nabaty, Tamir"]
[Result "1-0"]
[WhiteElo "2490"]
[BlackElo "2647"]
[Annotator "TA"]
[PlyCount "99"]
[EventDate "2019.12.12"]
[EventType "swiss"]
[EventCountry "ISR"]
[SourceTitle "playchess.com"]
[Source "ChessBase"]
[SourceQuality "1"]

{[%evp 9,99,24,31,35,22,23,21,22,57,34,47,-7,25,26,13,0,0,0,0,0,0,-37,12,-64,-60,-55,69,69,69,55,82,75,68,23,46,21,22,22,22,21,26,0,0,0,0,-12,-8,-7,-10,-9,-9,-8,0,-8,-9,-12,6,5,64,63,63,68,102,120,104,95,119,112,181,157,326,331,474,472,494,493,446,425,544,523,630,598,1088,1091,1086,1093,1138,1107,1210,1162,1148,1112]} 1. Nf3 d5 2. g3 b6 3. c4 (3. Bg2 Bb7 4. d4 e6 5. O-O Nf6 6. Ne5 Qc8 7. c4 dxc4 8. Qa4+ Nfd7 9. Nxd7 Nxd7 10. Bc6 Rb8 11. Qxc4 Bxc6 12. Qxc6 Qb7 13. Qxb7 Rxb7 14. Nc3 {1-0 (61) Malakhov,V (2691)-Fedoseev,V (2733) Antalya 2017}) 3... dxc4 4. Na3 Bb7 5. Bg2 e6 6. Nxc4 {A07: Réti Opening: New York and Capablanca Systems} Nf6 7. Nce5 Qc8 8. O-O {The position is equal.} Bd6 9. d4 $146 ({Predecessor:} 9. Qa4+ Nbd7 10. d4 O-O 11. Bg5 c5 {½-½ (34) Larwinski,P (2209)-Szabo,M (2254) LSS email 2014}) 9... O-O 10. Bf4 (10. Bg5 $14) 10... Nbd7 11. Rc1 Nd5 12. Bd2 Bxe5 13. dxe5 c5 14. b4 Qc7 15. Ng5 Qxe5 16. e4 (16. bxc5 $11 bxc5 17. Qc2) 16... N5f6 $15 17. Bf4 Qd4 ({Black should play} 17... Qb2 $1 $15 18. Bd6 Rfd8 19. bxc5 Nxc5) 18. Qxd4 $1 $14 cxd4 19. Rc7 Ba6 20. e5 Rac8 21. Rfc1 h6 22. Nxf7 Rxc7 {[#]} 23. Nxh6+ $1 {[%mdl 512]} gxh6 24. Rxc7 {Strongly threatening Bh3.} Nh5 25. Bxh6 Rf7 26. Rxa7 Bd3 27. f4 Nxe5 28. Ra3 $132 {[%mdl 2048] White is not holding back} Ng4 {White must now prevent ...Bf5.} 29. Rxd3 {Threatens to win with Bg5.} Nxh6 30. Rxd4 Ra7 31. f5 Nf6 32. fxe6 Kg7 33. Rd2 Kf8 (33... Ra4 $11) 34. h3 $1 Rg7 35. g4 Ke7 {[#]} 36. Rc2 $1 {[%cal Rc2c7]} Kxe6 37. Rc6+ Ke5 38. Rxb6 Nf7 (38... Nfxg4 $16 39. hxg4 Nxg4) 39. Rb7 $18 {aiming for a4.} Kd6 $2 (39... Ke6 $16 40. Ra7 Rg8) 40. a4 {[%cal Ba2a4,Ba4a5][%mdl 32]} Nd7 (40... Ke6 $142 41. a5 Rg8) 41. a5 {White is clearly winning.} Nd8 42. Rb5 Re7 43. Rd5+ Kc7 44. b5 {[%cal Bb4b5,Bb5b6,Bb6b7][%mdl 32]} Re1+ 45. Kh2 Ra1 46. b6+ Kc8 47. Be4 Ra2+ 48. Kg3 Ra3+ 49. Kh4 Ne6 {[#]} 50. b7+ $1 {[%mdl 512] Accuracy: White = 68%, Black = 38%.} 1-0

[Event "Israeli Open Championship 2019"]
[Site "Jerusalem"]
[Date "2019.12.20"]
[Round "8.2"]
[White "Postny, Evgeny"]
[Black "Mikhalevski, Victor"]
[Result "1/2-1/2"]
[WhiteElo "2605"]
[BlackElo "2559"]
[Annotator "TA"]
[PlyCount "34"]
[EventDate "2019.12.12"]
[EventType "swiss"]
[EventCountry "ISR"]
[SourceTitle "playchess.com"]
[Source "ChessBase"]
[SourceQuality "1"]

{[%evp 20,34,22,14,14,22,18,14,21,10,22,-29,-26,-21,0,-14,0]} 1. d4 Nf6 2. c4 g6 3. f3 e6 4. e4 c5 5. d5 d6 6. Nc3 Bg7 7. Bg5 h6 8. Be3 O-O 9. Nge2 exd5 10. cxd5 a6 11. a4 Nbd7 {A65: Modern Benoni: 6 e4} 12. Ng3 (12. Qd2 Ne8 13. Nf4 Ne5 14. Be2 Nc7 15. O-O Bd7 16. a5 Qe8 17. Rac1 Kh7 18. b4 c4 19. Nb1 {0-1 (41) Shabalov,A (2550)-Jones,G (2647) Atlantic City 2016}) 12... h5 13. Be2 h4 14. Nf1 Rb8 15. Nd2 $146 ({Better is} 15. a5) ({Predecessor:} 15. g4 Nh7 16. Nd2 Bd4 17. Bh6 Re8 18. Nc4 {0-1 (27) Pitkaenen,J (2437)-Le Page,C (2361) ICCF email 2010}) 15... Nh5 $11 16. Nc4 Nb6 17. Nxb6 Qxb6 1/2-1/2

[Event "Israeli Open Championship 2019"]
[Site "Jerusalem"]
[Date "2019.12.20"]
[Round "8.3"]
[White "Tifferet, Shaked"]
[Black "Baron, Tal"]
[Result "0-1"]
[WhiteElo "2232"]
[BlackElo "2541"]
[Annotator "TA"]
[PlyCount "84"]
[EventDate "2019.12.12"]
[EventType "swiss"]
[EventCountry "ISR"]
[SourceTitle "playchess.com"]
[Source "ChessBase"]
[SourceQuality "1"]

{[%evp 16,84,38,18,29,0,41,24,50,62,66,38,50,30,41,47,44,44,47,14,22,10,18,18,52,0,2,15,56,43,95,90,114,116,127,115,108,68,79,2,0,-18,-22,-37,-47,-47,-47,-113,-116,-95,-17,-20,-44,-90,-56,-291,-265,-358,-358,-449,-434,-532,-510,-533,-476,-940,-903,-113,-1973,-1845,-1612]} 1. e4 c5 2. Nf3 e6 3. d4 cxd4 4. Nxd4 Nc6 5. Nc3 Nf6 6. Nxc6 bxc6 7. e5 Nd5 8. Ne4 Qc7 9. f4 $1 Rb8 {B45: Sicilian Four Knights} (9... Qb6 10. c4 Bb4+ 11. Ke2 f5 12. Nf2 Ba6 13. Kf3 Ne7 14. Be3 Bc5 15. Bxc5 Qxc5 16. Qd6 Qb6 17. b3 c5 18. Be2 Rc8 19. Rad1 Qxd6 20. Rxd6 Bb7+ 21. Ke3 g5 22. Bh5+ Ng6 23. fxg5 Bxg2 24. Rhd1 f4+ 25. Ke2 Bc6 {0-1 (54) Saric,I (2667)-Dreev,A (2661) Mali Losinj 2019}) 10. a3 Qa5+ 11. c3 f5 {White has an edge.} 12. exf6 $1 Nxf6 13. b4 $146 (13. Nxf6+ {keeps more tension.} gxf6 14. b4 Qd5 15. Be3 Qxd1+ 16. Rxd1 d5 17. Be2) ({Predecessor:} 13. Nxf6+ gxf6 14. b4 Qd5 15. Be3 Qxd1+ 16. Rxd1 Bg7 17. Be2 {1-0 (55) Peters,S-Dodge,R ICCF email 1996}) 13... Qd5 14. Qxd5 cxd5 15. Nxf6+ gxf6 16. Be3 a6 17. c4 dxc4 18. Bxc4 Bb7 19. O-O $36 {[%mdl 2048] White fights for an advantage.} Rg8 20. Rf2 (20. g3 {with more complications.} Rc8 21. Rac1 Bd6 22. Rfd1 Ke7 23. Kf2) 20... Rc8 21. Be2 d5 22. Bh5+ Ke7 (22... Kd7 $14) 23. Re1 $16 Rc6 24. Rfe2 f5 25. Bc5+ Kf6 26. Bf2 {And now Rxe6+! would win.} Bc8 $1 27. Bh4+ (27. Bd4+ $16 Ke7 28. Rd2) 27... Kg7 $11 28. Re3 Bd6 29. Rf1 Rc4 30. Ref3 Bd7 31. Bg5 {[#]} (31. Rg3+ $15 Kf8 32. Be2 Rxg3 33. hxg3) 31... h6 $1 $17 {[%cal Rh6g5]} 32. Bh4 Re4 ({Better is} 32... Bb5 $17 {...Rgc8 is the strong threat.} 33. Rg3+ Kh7 34. Rxg8 Kxg8) 33. Rg3+ $11 Kf8 34. Rxg8+ Kxg8 35. g4 $2 (35. g3 $15) 35... Bxf4 $19 36. Kg2 fxg4 37. Bxg4 Bg5 38. Kh3 {[#]} h5 $1 {[%mdl 512]} 39. Bxg5 (39. Bxh5 Rxh4+) 39... Rxg4 40. Bh6 (40. Be7 $142 e5 41. Rf8+ Kg7 42. Rd8) 40... e5 41. Rf8+ Kh7 42. Rf7+ Rg7+ {[%mdl 64] Discovered Attack. Accuracy: White = 38%, Black = 55%.} 0-1

[Event "Israeli Open Championship 2019"]
[Site "Jerusalem"]
[Date "2019.12.20"]
[Round "8.4"]
[White "Gorodetzky, David"]
[Black "Tsyn, Igor"]
[Result "1-0"]
[WhiteElo "2483"]
[BlackElo "2154"]
[Annotator "TA"]
[PlyCount "85"]
[EventDate "2019.12.12"]
[EventType "swiss"]
[EventCountry "ISR"]
[SourceTitle "playchess.com"]
[Source "ChessBase"]
[SourceQuality "1"]

{[%evp 12,105,2,-3,6,0,25,15,28,4,25,26,38,27,29,25,42,5,16,16,16,16,17,16,16,18,20,19,19,17,17,0,27,19,27,17,27,23,28,24,23,15,41,47,45,20,22,21,34,6,13,12,30,8,9,0,25,22,22,14,15,14,30,30,30,30,30,30,75,0,474,434,542,488,422,0,525,0,0,0,628,281,556,509,2195,1879,6737,5780,1792,1645,12842,12843,12843,12843,12846,12846]} 1. e4 e6 2. d4 d5 3. Nc3 Bb4 4. exd5 exd5 5. Bd3 Nf6 6. Nge2 O-O 7. Bg5 Be7 {C01: French: Exchange Variation} (7... Re8 8. O-O c6 9. h3 h6 10. Bh4 Be7 11. Bg3 Bd6 12. Qd2 Ne4 13. Bxe4 dxe4 14. Rad1 f5 15. d5 Bxg3 16. fxg3 {1-0 (29) Lagarde,M (2626)-Edouard,R (2650) Chartres 2019}) 8. Qd2 c6 9. O-O Ne8 $146 {The position is equal.} ({Predecessor:} 9... Be6 10. Be3 Re8 11. Rae1 Nbd7 12. f4 Nf8 13. f5 Bd7 14. Bf4 c5 15. dxc5 Bxc5+ 16. Kh1 Bc6 17. Ng3 Qb6 18. Nd1 {½-½ (18) Zimmer,F (2099)-Hielscher,U (1882) St Leon Rot 2011}) 10. Bf4 Bd6 11. Rae1 Nd7 12. Ng3 {Hoping for Rxe8.} Bxf4 13. Qxf4 Qf6 14. Nf5 {Threatens to win with g4.} Nb6 15. Ne7+ Kh8 16. Qxf6 Nxf6 17. Nxc8 Nxc8 18. f3 Nd6 19. Kf2 Rfe8 20. Rxe8+ Rxe8 21. Ne2 Kg8 22. c3 Re7 23. g4 h6 24. h4 Nh7 25. b3 Nf8 26. Nf4 Ne6 27. Nxe6 Rxe6 $14 {[%mdl 4096] Endgame KRB-KRN} 28. Rb1 Ne8 29. c4 Nc7 30. h5 Re8 31. Bf5 Rd8 32. Ke3 Kf8 33. c5 Re8+ 34. Kd3 Ne6 35. Bxe6 $1 Rxe6 $11 {KR-KR} 36. b4 a6 37. a4 Ke7 38. b5 axb5 $1 39. axb5 Kf6 40. Kc3 ({White should try} 40. f4 $16) 40... Re3+ $2 {[%mdl 8192]} (40... Kg5 $11) 41. Kb4 $1 $18 {[%cal Rb4a5]} Rd3 42. Ka5 $1 Rxd4 {[#]} 43. bxc6 {Played: Ka5-b6} 1-0

[Event "Israeli Open Championship 2019"]
[Site "Jerusalem"]
[Date "2019.12.20"]
[Round "8.5"]
[White "Kunin, Michael"]
[Black "Lahav, Michal"]
[Result "0-1"]
[WhiteElo "2102"]
[BlackElo "2244"]
[Annotator "TA"]
[PlyCount "124"]
[EventDate "2019.12.12"]
[EventType "swiss"]
[EventCountry "ISR"]
[SourceTitle "playchess.com"]
[Source "ChessBase"]
[SourceQuality "1"]

{[%evp 9,124,23,21,22,9,0,31,33,39,36,38,31,45,26,39,35,17,27,22,8,28,0,22,24,15,0,73,19,14,26,20,18,74,58,92,5,90,28,35,0,15,0,18,-42,120,112,215,-88,-79,-72,-78,-63,-84,-77,23,22,28,25,78,50,84,50,93,46,66,41,60,67,117,0,17,-305,-308,-326,-298,-674,-629,-864,-853,-943,-875,-1183,-1147,-1473,-1472,-1719,-1656,-1666,-1580,-1319,-1154,-1571,-1554,-1092,-750,-2206,-2073,-29978,-29978,-29979,-29980,-29981,-29979,-29977,-29980,-29980,-29981,-29991,-29992,-29992,-29993,-29993,-29994,-29994,-29995,-29996,-29997]} 1. e4 e6 2. d4 d5 3. Nd2 Be7 4. e5 c5 5. c3 cxd4 $146 (5... Nc6 6. Bd3 Bd7 7. Qg4 Kf8 8. Ne2 h5 9. Qf3 cxd4 10. cxd4 Qb6 11. Nb3 a5 12. Nf4 Ke8 13. Nxh5 a4 14. Nxg7+ {1-0 (46) Mamedov,R (2703)-Lagarde,M (2616) Skopje 2018}) 6. cxd4 {C03: French Tarrasch: Unusual Black 3rd moves} Qb6 7. Ndf3 Nc6 8. Bd3 {White is slightly better.} Bd7 ({But not} 8... Nxd4 $2 9. Nxd4 Bd7 10. Ngf3 $18) 9. Ne2 Nh6 10. O-O Nf5 11. Bxf5 exf5 12. Nf4 Be6 $1 13. Nh5 Rg8 14. Qd3 O-O-O 15. a3 Kb8 16. b4 Rc8 17. Rd1 Ka8 (17... g5 $11) 18. Bg5 (18. Ng3 $16) 18... h6 $11 19. Bxe7 Nxe7 20. Rac1 g5 (20... Rc4 $11) 21. Rc5 Rxc5 22. bxc5 ({White should play} 22. dxc5 $16 Qc7 23. Nf6) 22... Qa5 {[#]} (22... Qa6 $11 {remains equal.}) 23. Nf6 (23. h4 $1 $16) 23... Rc8 24. Rb1 Nc6 25. Ne1 (25. h3 {keeps more tension.} Qa4 26. g4 Ne7 27. Rb4 Qc6 28. a4) 25... f4 (25... Qa6 {keeps more tension.} 26. Qc3 f4 27. h3 Bf5 28. Rd1 Qc4) 26. Nc2 (26. g4 $11) 26... Qc7 $2 (26... Qa6 $1 $15 {keeps the upper hand.} 27. Qxa6 bxa6) 27. Nb4 $16 Nxe5 (27... Ne7 $16) 28. Qc3 $2 ({Stronger than} 28. Nfxd5 Bxd5 29. dxe5 Be6 $17) (28. dxe5 $18 Qxe5 29. Nbxd5 (29. Nfxd5 Bf5 $11 {[%mdl 64] Skewer}) 29... Rxc5 30. Rd1) 28... Nc6 $17 29. Nfxd5 Bxd5 30. Nxd5 Qd7 31. Qb2 Na5 ({Better is} 31... Rb8 $17 32. Nf6 Qxd4) 32. Nb4 $11 Nc6 33. Nxc6 Rxc6 {[%mdl 4096] Endgame KQR-KQR} (33... bxc6 $11 34. Qb3 Re8) 34. h3 Rc7 35. Qc3 a6 36. Re1 Ka7 37. Qc4 Qc6 38. Re5 f3 39. gxf3 (39. g4 $16) 39... Qxf3 40. d5 $2 {[%mdl 8192]} (40. Re3 $11 Qc6 41. a4) 40... Qxa3 $19 {And now ...Qa1+ would win.} 41. Rf5 {Black must now prevent d6.} Qxc5 42. Qxc5+ $2 (42. Qd3) 42... Rxc5 43. Rxf7 Rxd5 {KR-KR} 44. Rf6 h5 45. Rh6 h4 46. Kg2 a5 {[%cal Ba6a5,Ba5a4][%mdl 32]} 47. f4 gxf4 48. Rxh4 Rf5 49. Kf3 Ka6 50. Rg4 a4 51. h4 a3 52. Rg2 b5 53. Ra2 b4 {Black mates.} 54. Kg4 Rf8 55. h5 Kb5 56. h6 Ka4 57. Rf2 b3 58. Kg5 a2 59. Rf1 b2 60. h7 b1=Q {[%mdl 64] [#] Double Attack} 61. Rxf4+ Rxf4 62. h8=Q Qf5+ 0-1

[Event "Israeli Open Championship 2019"]
[Site "Jerusalem"]
[Date "2019.12.20"]
[Round "8.6"]
[White "Flom, Gabriel"]
[Black "Iliaguev, Nisim"]
[Result "1-0"]
[WhiteElo "2506"]
[BlackElo "2275"]
[Annotator "TA"]
[PlyCount "61"]
[EventDate "2019.12.12"]
[EventType "swiss"]
[EventCountry "ISR"]
[SourceTitle "playchess.com"]
[Source "ChessBase"]
[SourceQuality "1"]

{[%evp 9,69,0,4,0,0,-7,0,0,0,0,-5,-21,-3,-12,21,14,25,21,21,15,22,27,66,58,68,68,93,87,97,124,104,84,156,126,115,129,122,128,156,140,135,140,121,101,169,128,179,185,181,123,151,142,126,123,361,359,374,358,477,490,454,435]} 1. d4 Nf6 2. c4 e6 3. Nc3 Bb4 4. Bg5 O-O 5. e3 c5 6. d5 {E30: Nimzo-Indian: Leningrad Variation} exd5 7. cxd5 Qb6 $146 ({Predecessor:} 7... d6 8. Bd3 Nbd7 9. Nge2 h6 10. Bh4 Ne5 11. O-O Ng6 12. Bg3 Nh5 13. f4 f5 14. Bf2 Nf6 15. Kh1 Bd7 16. h3 Kh8 17. Qc2 Ne7 18. Bh4 Ng6 19. Bf2 Ne7 20. Bh4 Ng6 21. Bf2 {½-½ (21) Moiseenko,A (2715)-Bacrot,E (2714) San Sebastian 2012}) 8. Bd3 {The position is equal.} h6 9. Bxf6 Qxf6 10. Nge2 d6 11. O-O Bxc3 12. bxc3 Nd7 13. c4 $36 {[%mdl 2048] White has some pressure.} Re8 14. Ng3 Ne5 15. Be2 Ng6 16. Qd2 Qe5 17. Bd3 h5 18. Rae1 h4 19. f4 Qe7 20. Ne4 Nf8 (20... Bf5 $142 21. Nxc5 Bxd3 22. Nxd3 Rac8) 21. Ng5 f6 22. Nf3 h3 23. e4 Bg4 24. e5 Qf7 25. e6 Qh5 26. Qf2 hxg2 (26... b5 $16) 27. Qxg2 $18 Bh3 28. Qg3 Bxf1 29. Kxf1 (29. Rxf1 $18 {Black must now prevent Nh4.} b5 30. Nh4 bxc4 31. Be4) 29... b5 $16 {next ...bxc4 is good for Black.} 30. Nh4 {And now Nf5! would win.} bxc4 {[#]} 31. Be4 {Played: Nh4-f5} 1-0

[Event "Israeli Open Championship 2019"]
[Site "Jerusalem"]
[Date "2019.12.20"]
[Round "8.7"]
[White "Soffer, Ram"]
[Black "Sobel, Ido"]
[Result "1-0"]
[WhiteElo "2490"]
[BlackElo "1711"]
[Annotator "TA"]
[PlyCount "91"]
[EventDate "2019.12.12"]
[EventType "swiss"]
[EventCountry "ISR"]
[SourceTitle "playchess.com"]
[Source "ChessBase"]
[SourceQuality "1"]

{[%evp 20,96,24,14,10,0,49,49,45,35,45,25,31,25,30,16,17,16,23,17,20,18,74,64,75,71,75,77,78,79,85,87,105,88,72,87,155,138,168,85,83,94,85,62,106,102,291,310,298,293,433,397,410,222,716,668,612,601,975,989,979,951,1077,1089,982,855,5497,3830,5497,3428,12837,7573,12837,12838,12838,12839,12839,9555,29983]} 1. c4 e6 2. Nf3 Nf6 3. g3 d5 4. Bg2 c6 5. O-O Be7 6. d4 O-O 7. Nbd2 b6 8. Qc2 Bb7 9. e4 dxe4 10. Nxe4 Nbd7 11. Bf4 c5 {E09: Closed Catalan: Main Line: 7 Qc2 c6 8 Nbd2} (11... Nxe4 12. Qxe4 Nf6 13. Qe2 c5 14. Rfd1 cxd4 15. Nxd4 Qc8 16. Bxb7 Qxb7 17. Qf3 Qxf3 18. Nxf3 Rfc8 19. b3 Kf8 20. Ne5 {½-½ (29) Postny,E (2636)-Vitiugov,N (2739) Tsaghkadzor 2015}) 12. Nd6 Bxd6 (12... Bxf3 $5 13. Bxf3 cxd4 $11) 13. Bxd6 Re8 {White is slightly better.} 14. Rad1 {[#]} Qc8 $146 ({Predecessor:} 14... Be4 15. Qe2 Qc8 16. dxc5 bxc5 17. Ne5 Bxg2 18. Kxg2 Qb7+ 19. Kg1 {½-½ (57) Siegel,G (2335)-Bischoff,K (2515) Germany 1993}) 15. Rfe1 cxd4 16. Rxd4 Bc6 17. Ne5 Bxg2 18. Kxg2 Nxe5 19. Bxe5 Qb7+ 20. f3 Qe7 (20... Nd7 $1 $11) 21. Red1 $16 Red8 22. Qd3 $36 {[%cal Rd4d8][%mdl 2048] Keeping Black busy.} Rxd4 23. Qxd4 Ne8 24. Qd3 f6 25. Bc3 Nc7 26. Qd7 (26. Qe4 {looks sharper.} Qe8 27. Rd6 Rb8 28. Qd3 e5 29. Rd7) 26... Qxd7 27. Rxd7 {[%mdl 4096] Endgame KRB-KRN} Rc8 ({Black should play} 27... Na6) 28. b3 Ne8 29. a4 ({White should try} 29. Rxa7 $18 {Black must now prevent Rb7.} b5 30. cxb5 Rxc3 31. b6) 29... Rc7 30. Rd8 Kf7 31. Bb4 f5 32. a5 {[%cal Ba4a5,Ba5a6][%mdl 32]} Rb7 $2 {[#]} (32... Nf6 $16) 33. a6 $1 $18 {[%cal Ra6b7]} Rc7 34. f4 h6 (34... Nf6 $142 35. Rf8+ Kg6) 35. Kf3 g5 36. Ke2 (36. Rb8 $142) 36... g4 $2 (36... Nf6 37. Rb8 Rd7) 37. Ke3 {White is clearly winning.} Nf6 {If Black can now play ...Rd7 this consolidates a bit.} 38. Bd6 Rd7 39. Rxd7+ Nxd7 {KB-KN} 40. b4 {[%cal Bb3b4,Bb4b5][%mdl 32]} h5 41. b5 Ke8 42. Bc7 Ke7 {[#]} 43. c5 $1 {[%mdl 512]} Nxc5 {[#]} (43... bxc5 44. b6) 44. Bxb6 $1 {[%mdl 576] Double Attack} Kd6 (44... axb6 45. a7) 45. Bxa7 Nd7 {[#]} 46. Bd4 {Played: Ba7-b8} 1-0

[Event "Israeli Open Championship 2019"]
[Site "Jerusalem"]
[Date "2019.12.20"]
[Round "8.8"]
[White "Friedland, Moshe"]
[Black "Dvoirys, Semen I."]
[Result "1/2-1/2"]
[WhiteElo "2267"]
[BlackElo "2467"]
[Annotator "TA"]
[PlyCount "63"]
[EventDate "2019.12.12"]
[EventType "swiss"]
[EventCountry "ISR"]
[SourceTitle "playchess.com"]
[Source "ChessBase"]
[SourceQuality "1"]

{[%evp 19,63,0,0,0,0,0,26,19,33,6,35,29,53,71,71,72,53,72,65,71,479,85,458,453,406,0,0,0,0,0,0,0,0,0,0,0,0,0,0,0,0,0,0,0,0,0]} 1. e4 c5 2. Nf3 d6 3. d4 cxd4 4. Nxd4 Nf6 5. Nc3 a6 6. Bc4 e6 7. a4 Nc6 {[%cal Bb8c6,Bc6a5,Ba5c4][%mdl 32]} 8. Be3 Be7 9. O-O O-O 10. Qe2 Bd7 11. Kh1 {B88: Sicilian: Sozin Attack} Rc8 12. f4 (12. Bb3 Na5 13. Ba2 Qc7 14. Rad1 Nc4 15. Bc1 Rfd8 16. f4 Be8 17. Rd3 Qb6 18. b3 {½-½ (53) Areshchenko,A (2710)-Dominguez Perez,L (2734) Eilat 2012}) 12... Na5 13. Bd3 $1 {White has an edge.} Qc7 14. Rae1 Nc4 {[#]} (14... g6 {keeps more tension.} 15. Nf3 Nc6 16. e5 Ne8 17. Qf2 Nb4) 15. e5 $146 {[%mdl 512]} ({Predecessor:} 15. Bc1 Rfe8 16. e5 Nd5 17. Qe4 g6 18. Nxd5 exd5 19. Qxd5 Nb6 20. Qf3 Bf8 {1-0 (34) Baskin,R (2201)-Kitze,A (2046) Hannover 2014}) 15... dxe5 16. fxe5 Nxe3 17. exf6 Nxf1 18. Rxf1 Bxf6 19. Rxf6 gxf6 $4 {[%mdl 8192]} (19... Qb6 $16 {is a better chance.} 20. Qe4 g6) 20. Qg4+ $18 Kh8 21. Qh4 {[%csl Gd3][%cal Rh4h7][%mdl 64] Double Attack} f5 {[#]} 22. Bxf5 $1 {[%mdl 512]} exf5 $11 {The position is equal.} 23. Nd5 {White threatens Qf6+ and mate.} Qe5 {[#]} 24. Nf6 $1 {[%csl Gf6][%cal Rh4h7][%mdl 576] Double Attack} Kg7 25. Qg5+ {[#]} Kh8 $1 {[%cal Re5e1]} 26. Nf3 Qxb2 {[#]} 27. Qh6 $1 {[%csl Gf6][%cal Rh6h7][%mdl 512]} Qa1+ 28. Ng1 {[%csl Gf6][%cal Rh6h7] [#]} Qxf6 $1 29. Qxf6+ Kg8 30. Qg5+ Kh8 31. Qf6+ Kg8 32. Qg5+ {Accuracy: White = 86%, Black = 42%.} 1/2-1/2